000 00430nam a22001337a 4500
999 _c12872
_d12872
020 _a978-1789615852
_a1789615852
082 _a005.117
100 _a Phillips,Dusty
245 _aPython 3 Object-Oriented Programming: Build robust and maintainable software with object-oriented design patterns in Python
250 _a3rd
260 _aUK
_bPackt Publishing
_c2018
300 _a 466 pages
_b7.5 x 1.05 x 9.25 inches
942 _cBK